000 00582nam a22002177a 4500
003 UA-OsUOA
001 37144
007 ta
008 20060223b un ||||| |||| 00| 0 ukr d
100 _aКаприоло П.
090 _a82
_bК11
942 _cSA
040 _aUA-OsUOA
_brus
_cUA-OsUOA
_dUA-OsUOA
245 _aСон в ягненке/Роман. Перевод с итальянского Э.Двин
300 _aС.3-82
955 _a0
041 _arus
080 _a82
773 0 _w37143
_tИностранная литература
_dМ.
_d2006
_g1
650 7 _2UDC
999 _c323354
_d323354